000 01023cam a2200313 a 4500
001 618
005 20250310142521.0
020 _a0375825576 (pbk.)
020 _a0375925570 (lib. bdg.)
040 _aDLC
_cDLC
_dDLC
_beng
050 0 0 _aPZ7.R8139
_bSp 2004
082 0 0 _a[E]
_222
100 1 _aRoy, Ron,
_d1940-
245 1 2 _aA spy in the White House /
_cby Ron Roy ; illustrated by Timothy Bush.
260 _aNew York :
_bScholastic,
_c2004.
300 _a86 pages :
_billustrations ;
_c20 cm.
490 1 _aCapital mysteries ;
_v#4
500 _a"A Stepping Stone Book."
505 _aK
520 _aKC tries to uncover the White House spy who is leaking secrets about the upcoming wedding of her mother and the president.
521 _a590
_bLexile
521 _aK
_bRaz-Plus
650 1 _aSpies
_vFiction.
650 1 _aWeddings
_vFiction.
650 1 _aMystery and detective stories.
700 1 _aBush, Timothy,
_eillustrator
906 _a7
_bcbc
_corignew
_d1
_eecip
_f20
_gy-gencatlg
942 _2ddc
_cBK
_n0
999 _c618
_d618